ՀՀ Գիտությունների ազգային ակադեմիայի հիմնարար գիտական գրադարան  =   Fundamental Scientific Library of NAS RA

С.П. Королев : (Record no. 361069)

MARC details
000 -LEADER
fixed length control field 00788nam a2200205 a 4500
001 - CONTROL NUMBER
control field 001123544
003 - CONTROL NUMBER IDENTIFIER
control field AM-YeHGA
005 - DATE AND TIME OF LATEST TRANSACTION
control field 20250617151939.0
008 - FIXED-LENGTH DATA ELEMENTS--GENERAL INFORMATION
fixed length control field 160113s1977 ru r 000 0 rus d
040 ## - CATALOGING SOURCE
Original cataloging agency AM-YeHGA
041 0# - LANGUAGE CODE
Language code of text/sound track or separate title rus
090 ## - LOCALLY ASSIGNED LC-TYPE CALL NUMBER (OCLC); LOCAL CALL NUMBER (RLIN)
-- 362910
245 00 - TITLE STATEMENT
Title С.П. Королев :
Remainder of title (К 70-летию со дня рождения) : Сборник статей /
Statement of responsibility, etc. [Сост.Г.А. Скуридин].
260 ## - PUBLICATION, DISTRIBUTION, ETC.
Place of publication, distribution, etc. Москва :
Name of publisher, distributor, etc. Знание,
Date of publication, distribution, etc. 1977.
300 ## - PHYSICAL DESCRIPTION
Extent 61 с.
440 #0 - SERIES STATEMENT/ADDED ENTRY--TITLE
Title Новое в жизни, науке, технике. Сер. "Космонавтика, астрономия"
Volume/sequential designation № 1, 1977 г.
600 14 - SUBJECT ADDED ENTRY--PERSONAL NAME
Personal name Королев, Сергей Павлович
650 14 - SUBJECT ADDED ENTRY--TOPICAL TERM
Topical term or geographic name entry element Космонавтика
700 1# - ADDED ENTRY--PERSONAL NAME
Personal name Скуридин, Г.А.
Relator term сост.
Relationship com
Holdings
Withdrawn status Lost status Source of classification or shelving scheme Damaged status Not for loan Collection Home library Current library Date acquired Total checkouts Full call number Barcode Date last seen Price effective from Koha item type Public note
    Universal Decimal Classification     General Fundamental Scientific Library Fundamental Scientific Library 11/01/2017   PII/386673 FL0369494 11/01/2017 11/01/2017 Գրքեր / Books 30 Days Loan


ՀՀ ԳԱԱ հիմնարար գիտական գրադարան
ՀՀ,Երևան 0019
Մարշալ Բաղրամյան 24/6
հեռախոս:(374-10) 52-47-50
Հետադարձ կապ

All site content, except where otherwise noted, is licensed under a
Creative Commons License